| 000 | 00954cam a22002651 4500 | ||
|---|---|---|---|
| 001 | l 56000035 | ||
| 003 | DLC | ||
| 005 | 20260227111544.0 | ||
| 008 | 760310s1956 sz 000 0 eng | ||
| 010 | _al 56000035 | ||
| 035 | _a(OCoLC)2042380 | ||
| 040 |
_aDLC _cLU _dDLC |
||
| 042 | _apremarc | ||
| 050 | 0 | 0 |
_aHD7801 _b.I67 no. 45 |
| 110 | 2 | _aInternational Labour Office | |
| 245 | 1 | 0 |
_aInternational comparisons of real wages, _ba study of methods. |
| 260 |
_aGeneva, _c1956. |
||
| 300 |
_avi, 89 p. _c24 cm. |
||
| 490 | 1 |
_aIts Studies and reports, new ser., _vno. 45 |
|
| 500 | _a"The present study is a revised and expanded version of that presented to the Eighth [International] Conference [of Labor Statisticians, 1954]" | ||
| 504 | _aBibliographical footnotes. | ||
| 650 | 0 |
_aWages _vStatistics. |
|
| 650 | 0 |
_aCost and standard of living _vStatistics. |
|
| 810 | 2 |
_aInternational Labour Office. _tStudies and reports, new ser., _vno. 45. |
|
| 999 |
_c36910 _d36910 |
||